| 000 | 01571cam a22003614a 4500 | ||
|---|---|---|---|
| 001 | 15066681 | ||
| 005 | 20080325083811.0 | ||
| 008 | 071101s2008 inuab 001 0 eng | ||
| 010 | _a2007045449 | ||
| 020 | _a1587132095 | ||
| 020 | _a9781587132094 | ||
| 035 | _a(OCoLC)ocn181424057 | ||
| 035 | _a(OCoLC)181424057 | ||
| 040 |
_aDLC _cDLC _dBAKER _dC#P _dYDXCP _dDLC |
||
| 050 | 0 | 0 |
_aTK5105.75 _b.R45 2008 |
| 082 | 0 | 0 |
_a004.68 _222 _bREI |
| 100 | 1 |
_aReid, Allan. _97541 |
|
| 245 | 1 | 0 |
_aNetworking for Home and Small Businesses : _bCCNA Discovery Learning Guide / _cAllan Reid, Jim Lorenz. |
| 260 |
_aIndianapolis, Ind. : _bCisco Press, 2008 _cc2008. |
||
| 300 |
_axxxi, 561 p. : _bill. (some col.), maps ; _c28 cm. + _e1 CD-ROM (4 3/4 in.). |
||
| 440 | 0 | _97542 | |
| 490 |
_911274 _aCisco Networking Academy Program series. |
||
| 500 | _aIncludes index. | ||
| 650 | 0 |
_aHome computer networks _vProgrammed instruction. _97543 |
|
| 650 | 0 |
_aBusiness enterprises _xComputer networks _vProgrammed instruction. _97544 |
|
| 653 | _bCS | ||
| 700 | 1 |
_aLorenz, Jim. _97545 |
|
| 710 | 2 |
_aCisco Systems, Inc. _97546 |
|
| 942 |
_2ddc _cBB |
||
| 999 |
_c12194 _d12194 |
||